000 00977nas a2200229 i 4500
001 176688
003 ES-MaACL
005 20230906220148.0
008 110202d19431948sp q|yp | ||pa d
022 _a0371-7879
245 0 0 _aTrabajos del Instituto Nacional de Ciencias Médicas.
260 _aMadrid :
_bConsejo Superior de Investigaciones Científicas,
_c1943-1948.
300 _a6 v. :
_bil. bl. y n. ;
_c25 cm.
310 _aTrimestral
505 8 _aContiene: Curso 1942-43.- v. VI y VII. Curso 1945-46.- v. VIII. Curso 1946-47.- v. IX. 2º Trimestre.- v. X. 3er Trimestre
546 _aResúmenes en español, francés, inglés y alemán.
650 0 4 _aMedicina-
_xPublicaciones periódicas-
_zEspaña.
_914916
710 2 _aInstituto Nacional de Ciencias Médicas (España)
_95146
710 2 _aConsejo Superior de Investigaciones Científicas (España)
_93236
785 0 0 _aArchivos de medicina experimental
852 _aES-MaACL
_jE-14151-56
_xOlim P-558-bis
999 _c176688
_d176688